1393 1989 1197 1350 1181 1195 1229 1495 1272 1370 1092 1037 1472 1115 1474 1145 1994 1636 1555 1175 1420 1067 1746 1944 1600 1430 1136 1156 1175 1417 1481 1515 1696 1666 1137 1987 1212 1205 1617 1976 1463 1910 1875 1208 1337 1698 1187 1292 1363 1134 1801 1057 1175 1971 1413 1009 1352 1476 1986 1275 1309 1140 1185 1380 1391 1049 1636 1204 1370 1604 1120 1659 1533 1698 1818 1841 1945 1623 1413 1679 1517 1997 1834 1964 1375 1987 1180 1968 1780 1231 1638 1725 1052 1713 1350 1270 1118 1019 1468 BCNSPRNW ULIB Ver.6.0+V

เปลี่ยนเป็นภาษาไทย

Change to English
 แสดงรายละเอียดบรรณานุกรม
  กลับหน้าหลัก

Brief Record : Get Marc (ISO 2709) : E-mail record : QR code < ปิดหน้าต่าง
LEADER : 00000nam 2200000uu 4500
001    13399123680
003     ULIB
008    141105s2557||||th 000 0 tha d
020    ^a9789740331759
060 04 ^aQY25^bก637ก
100 0  ^aกิจจา จิตรภิรมย์
245 10 ^aการตรวจทางห้องปฏิบัติการในงานสาธารณสุข /^cกิจจา จิตรภิรมย์
250    ^aพิมพ์ครั้งที่ 1.
260    ^aกรุงเทพฯ :^bจุฬาลงกรณ์มหาวิทยาลัยฯ,^c2557.
300    ^a280 หน้า :^bภาพประกอบ ;^c26 ซม.
650  4 ^aห้องปฏิบัติการทางการแพทย์
650  4 ^aการวินิจฉัยโรคทางห้องปฏิบัติการ
710 0  ^aจุฬาลงกรณ์มหาวิทยาลัยฯ
945    ^p390^l0^i036732
945    ^p390^l0^i036733
945    ^p390^l0^i036734
945    ^p390^l0^i036735
945    ^p390^l0^i036736
945    ^p390^l0^i036737
945    ^p390^l0^i036738
945    ^p390^l0^i036739
999    ^aเกษร โพธิ์สุวรรณ
รายการนี้ยังไม่มีแท็ก
คุณยังไม่ได้ล็อกอิน คุณสามารถมีกิจกรรมร่วมกับเว็บไซต์ได้ แต่ต้องล็อกอินก่อน ::
  ล็อกอิน

รายการสื่อสารสนเทศ

ลำดับที่ ประเภท เลขเรียก/บาร์โค้ด สถานที่ สถานะ
1. วิทยาศาสตร์การแพทย์ และสุขภาพ
วิทยาศาสตร์การแพทย์ และสุขภาพ
สถานะ=หนังสือเก่า
QY25 ก637ก ฉ.1 
  Barcode: 036732
ห้องสมุดวิทยาเขตสวรรค์ประชารักษ์
►ส่วนจัดเก็บหนังสือเก่า สปร
บนชั้น
  ขอยืม
2. วิทยาศาสตร์การแพทย์ และสุขภาพ
วิทยาศาสตร์การแพทย์ และสุขภาพ
สถานะ=หนังสือเก่า
QY25 ก637ก ฉ.2 
  Barcode: 036733
ห้องสมุดวิทยาเขตสวรรค์ประชารักษ์
►ส่วนจัดเก็บหนังสือเก่า สปร
บนชั้น
  ขอยืม
3. วิทยาศาสตร์การแพทย์ และสุขภาพ
วิทยาศาสตร์การแพทย์ และสุขภาพ
สถานะ=หนังสือเก่า
QY25 ก637ก ฉ.3 
  Barcode: 036734
ห้องสมุดวิทยาเขตสวรรค์ประชารักษ์
►ส่วนจัดเก็บหนังสือเก่า สปร
บนชั้น
  ขอยืม
4. วิทยาศาสตร์การแพทย์ และสุขภาพ
วิทยาศาสตร์การแพทย์ และสุขภาพ
สถานะ=หนังสือเก่า
QY25 ก637ก ฉ.4 
  Barcode: 036735
ห้องสมุดวิทยาเขตสวรรค์ประชารักษ์
►ส่วนจัดเก็บหนังสือเก่า สปร
บนชั้น
  ขอยืม
5. วิทยาศาสตร์การแพทย์ และสุขภาพ
วิทยาศาสตร์การแพทย์ และสุขภาพ
สถานะ=หนังสือเก่า
QY25 ก637ก ฉ.5 
  Barcode: 036736
ห้องสมุดวิทยาเขตสวรรค์ประชารักษ์
►ส่วนจัดเก็บหนังสือเก่า สปร
บนชั้น
  ขอยืม
6. วิทยาศาสตร์การแพทย์ และสุขภาพ
วิทยาศาสตร์การแพทย์ และสุขภาพ
สถานะ=หนังสือเก่า
QY25 ก637ก ฉ.6 
  Barcode: 036737
ห้องสมุดวิทยาเขตสวรรค์ประชารักษ์
►ส่วนจัดเก็บหนังสือเก่า สปร
บนชั้น
  ขอยืม
7. วิทยาศาสตร์การแพทย์ และสุขภาพ
วิทยาศาสตร์การแพทย์ และสุขภาพ
สถานะ=หนังสือเก่า
QY25 ก637ก ฉ.7 
  Barcode: 036738
ห้องสมุดวิทยาเขตสวรรค์ประชารักษ์
►ส่วนจัดเก็บหนังสือเก่า สปร
บนชั้น
  ขอยืม
8. วิทยาศาสตร์การแพทย์ และสุขภาพ
วิทยาศาสตร์การแพทย์ และสุขภาพ
สถานะ=หนังสือเก่า
QY25 ก637ก ฉ.8 
  Barcode: 036739
ห้องสมุดวิทยาเขตสวรรค์ประชารักษ์
►ส่วนจัดเก็บหนังสือเก่า สปร
บนชั้น
  ขอยืม

รายการใกล้เคียง
    ผู้แต่ง [กิจจา จิตรภิรมย์]

    หัวเรื่อง [ห้องปฏิบัติการทางการแพทย์]
    หัวเรื่อง [การวินิจฉัยโรคทางห้องปฏิบัติการ]

BibComment


ยังไม่เคยถูกคอมเมนท์

คอมเมนท์ทรัพยากรรายการนี้
  คอมเมนท์: การตรวจทางห้องปฏ..


 Copyright 2026. Bcnsprnw @Library